| 000 | 00927nam a22002057a 4500 | ||
|---|---|---|---|
| 999 |
_c62365 _d62365 |
||
| 003 | Ge_BSU | ||
| 005 | 20241016105805.0 | ||
| 008 | 241016s1999 ge ||||| |||| 00| 0 geo d | ||
| 020 | _a9992844965 | ||
| 041 | _ageo | ||
| 080 | _a616.21 (042.7) დ-48 | ||
| 100 |
_aდიასამიძე, დურსუნ _923406 |
||
| 245 |
_aსალექციო კურსი ოტორინოლარინგოლოგიაში / _cდურსუნ დიასამიძე; რედაქტორი ბეხრი დიასამიძე. |
||
| 264 |
_aბათუმი : _bაჭარა, _c1999. |
||
| 300 |
_a220 გვ.; _b20 სმ. |
||
| 653 | _aმედიცინა | ||
| 653 | _aყელ-ყურ-ცხვირის დაავადებანი | ||
| 700 |
_aდიასამიძე, ბეხრი _eრედაქტორი _923407 |
||
| 942 |
_2udc _cᲬᲘᲒᲜᲘ |
||